Η Νίσυρος χορεύει και τραουδά: παραδοσιακοί χοροί και τραγούδια της Νισύρου

Αποθηκεύτηκε σε:
Λεπτομέρειες βιβλιογραφικής εγγραφής
Μορφή: Βιβλίο
Γλώσσα:Greek
Δημοσίευση: Αθήνα: Εταιρεία Νισυριακών Μελετών, 2017.
Θέματα:
Ετικέτες: Προσθήκη ετικέτας
Δεν υπάρχουν, Καταχωρήστε ετικέτα πρώτοι!

MARC

LEADER 00000nam a2200000 a 4500
001 1/115611
008 180109t2017####gr | ||| |||| ||gre||
020 |a 978-618-83260-0-2   |q (σκληρό εξώφυλλο)  
040 |a GR-MyUa   |b gre  |c GR-MyUa  |e AACR2 
041 0 |a gre 
082 7 |a 781.62   |2 (23)  
245 0 0 |a Η Νίσυρος χορεύει και τραουδά:   |b παραδοσιακοί χοροί και τραγούδια της Νισύρου /   |c μουσική έρευνα - καταγραφή: Γεώργιος Π. Χατζηπέτρος.  
260 |a Αθήνα:   |b Εταιρεία Νισυριακών Μελετών,   |c 2017.  
300 |a 162 σ. :   |b εικ. ;   |c 30 εκ.   |e 4 cd μουσικής  
500 |a Cd 1: Αρραβώνας-γάμος -- Cd 2: Χορευτικά τραγούδια -- Cd 3: Τραγούδια της παρέας -- Cd 4: Σπάνια τραγούδια της Νισύρου.  
650 0 |a Folk dance music   |z Greece   |y Nisyros Island. 
700 1 |a Χατζηπέτρος, Γεώργιος,  |e oth 
852 |a INST  |b CHIOS  |e 20180109  |h 781.62 ΝΙΣ  |p 005200038229  |q 005200038229  |t BK  |y 0 
852 |a INST  |b CHIOS  |c AV  |e 20180110  |h 781.62 ΝΙΣ  |p 005200038225  |q 005200038225  |t BK  |y 23 
852 |a INST  |b CHIOS  |c AV  |e 20180110  |h 781.62 ΝΙΣ  |p 005200038226  |q 005200038226  |t BK  |y 23 
852 |a INST  |b CHIOS  |c AV  |e 20180110  |h 781.62 ΝΙΣ  |p 005200038227  |q 005200038227  |t BK  |y 23 
852 |a INST  |b CHIOS  |c AV  |e 20180110  |h 781.62 ΝΙΣ  |p 005200038228  |q 005200038228  |t BK  |y 23 
920 |a Εταιρεία Νισυριακών Μελετών   |y Χίος  |z 09-01-2018 
970 |a Σπέντζα  |b Ελένη  |z 09-01-2018